000 00960naa a22002777a 4500
001 BR7503458
003 BR-BrBNA
005 20240918173754.0
007 ta
008 230509b bl.||||| |||| 00| 0 por d
040 _aBR-BrBNA
_bpor
_cBiblioteca Nacional de Agricultura
041 _a(Pt)
072 _aL00
_b5300
_bG514
090 _aL00 BR7503458
100 1 _aBayer, L.C.G.
111 1 _a6. Seminario Nacional do Porco Carne
_cPorto Alegre, RS (Brazil)
_d23 Jul 1975
245 1 _aConfinamento total de suinos [Brasil]
260 3 _aPorto Alegre, RS (Brasil):
_c1975.
500 _aAnais do 6. Seminario Nacional do Porco Carne Porto Alegre, RS (Brasil): 1975. p. 59-70 (BR7503458-AM)L00
650 _aCONFINAMENTO
650 _aCRIACAO
650 _aSUINO
773 0 _tAnais do 6. Seminario Nacional do Porco Carne
_wL00 BR7503458
_gPorto Alegre, RS (Brasil), 1975. p. 59-70
909 _a202404
_bLucia
_c55
_dLucia Elande
942 _cAM
_2AGRIS
999 _c306775
_d306775